Представление документа в формате RUSMARC

ПолеНазваниеЗначение
  Тип записи a
  Библиографический уровень c
001 Контрольный номер RU/IS/BASE/313596527
005 Дата корректировки 20201206204601.3
010 Индекс ISBN __
a ISBN 978-5-902846-11-6
d Цена 150-00
101 Язык документа 0_
a Язык текста rus
200 Заглавие и сведения об ответственности 1_
a Заглавие Скинькеды
e Сведения, относящиеся к заглавию [повести]
f Первые сведения об ответственности Сергей Козлов
b Общее обозначение материала Текст
210 Выходные данные __
a Место издания Тюмень
c Издательство Изд. Пашкин
d Дата издания 2008
215 Физическое описание __
a Объем 183, [3] с.
327 Примечание о содержании __
a Примечание о содержании Первозванный (ангелы плачут)
327 Примечание о содержании __
a Примечание о содержании Мобильная новелла
327 Примечание о содержании __
a Примечание о содержании Белочки-собачки
606 Тематические рубрики __
a Основная рубрика Художественная литература
606 Тематические рубрики __
a Основная рубрика Русская литература XX в. (произведения)
610 Ключевые слова __
a Ключевые слова краеведение; литературное краеведение; повести; тема детства; тема Родины; тема добра; тема духовности
686 Индексы других классификаций __
a Классификационный индекс К84(2Рос=Рус)6-4; стК84(2Рос=Рус)6-4
700 Автор _1
a Фамилия Козлов
b Имя С. С.
g Полное личное имя Сергей Сергеевич
4 Код отношения 070
801 Источник записи _0
a Страна RU
b Организация Муниципальное бюджетное учреждение культуры "Централизованная библиотечная система" г. Сургут (Центральная городская библиотека им. А. С. Пушкина)
g Правила каталогизации КиК/Лукашук; КиК/Елгина
801 Источник записи _1
a Страна RU
b Организация Муниципальное бюджетное учреждение культуры "Централизованная библиотечная система" г. Сургут (Центральная городская библиотека им. А. С. Пушкина)
g Правила каталогизации КиК/Лукашук; КиК/Елгина
852 Данные о местонахождении __
j Шифр хранения К84(2Рос=Рус)6-4
i Авторский знак К 59
901 Тип документа __
t Тип документа x
903 Характеристики (МАРС) __
a Дата передачи 20120514; 20080710
969 Тип издания __
a Тип издания сборник
990 Данные о заказе (DOS) __
j Количество экземпляров (DOS) 1; 10
t N записи в КСУ для И/У (DOS) 201205; 200807